Normal view
MARC view
Entry Topical Term
001 - CONTROL NUMBER
- control field: 48570
003 - CONTROL NUMBER IDENTIFIER
- control field: ARRUPE
005 - DATE AND TIME OF LATEST TRANSACTION
- control field: 20191112115449.0
008 - FIXED-LENGTH DATA ELEMENTS
- fixed length control field: 191112|| aca||aabn | a|a d
040 ## - CATALOGING SOURCE
- Original cataloging agency: ARRUPE
- Transcribing agency: ARRUPE
150 ## - HEADING--TOPICAL TERM
- Topical term or geographic name as entry element: Cycling
- Geographic subdivision: Africa.
670 ## - SOURCE DATA FOUND
- Source citation: Work cat.: (ARRUPE)0: Manser, Riaan. 48568, Around Africa on my bicycle /, c2007.